Flags of the World Quiz #1 - Statistics

General Stats
  • This quiz has been taken 175 times
  • The average score is 14 of 21
Answer Stats
Picture Answer % Correct
Fiji
81%
Vanuatu
76%
Samoa
75%
Zambia
75%
El Salvador
74%
Kiribati
72%
Marshall Islands
69%
Sudan
68%
St. Kitts & Nevis
67%
Tuvalu
64%
Suriname
63%
Mauritius
62%
Rep. of the Congo
62%
Rwanda
62%
South Sudan
61%
Guinea
60%
Namibia
60%
Costa Rica
58%
Gambia
56%
Guinea Bissau
52%
Solomon Islands
51%
No matching quizzes found
Score Distribution
Percent of People with Each Score
Percentile by Number Answered
Your Score History
You have not taken this quiz